| 000 | 00760nam a2200253 a 4500 | ||
|---|---|---|---|
| 001 | 43261 | ||
| 003 | BD-RjUL | ||
| 005 | 20211209053654.0 | ||
| 008 | 160620s1965 mauah b 001 0 eng | ||
| 035 | _a(BD-RjUL) 43379 | ||
| 040 |
_aDLC _cDLC _dDLC _dBD-RjU _beng |
||
| 041 | _aeng | ||
| 082 | 0 | 0 |
_a371.26 _223 _bNOI 1965 |
| 100 | 1 |
_aNoll, Victor Herbert, _d1900- _9132885 |
|
| 245 | 1 | 0 |
_aIntroduction to educational measurement / _cby Victor H. Noll. |
| 250 | _a2d ed. | ||
| 260 |
_aBoston : _bHoughton Mifflin, _cc 1965 |
||
| 300 |
_axviii, 509 p. : _bill. ; _c25 cm. |
||
| 500 | _aIncludes index. | ||
| 504 | _aIncludes bibliographies. | ||
| 650 | 0 |
_aEducational tests and measurements. _9132190 |
|
| 740 | _aEducational measurement. | ||
| 942 |
_2ddc _cBK |
||
| 999 |
_c43261 _d43261 |
||